[Event "Madrid-chT Honor 2223"]
[Site "Madrid"]
[Date "2023.03.05"]
[Round "12.6"]
[White "Silva Pena, Angel David"]
[Black "Serrano De Haro Sanchez, Agustin"]
[Result "1/2-1/2"]
[WhiteElo "1864"]
[BlackElo "1635"]
[PlyCount "67"]
[EventDate "2022.11.20"]
[EventType "team-tourn"]
[EventRounds "14"]
[EventCountry "ESP"]
[SourceTitle "EXT 2024"]
[Source "ChessBase"]
[SourceDate "2023.10.10"]
[SourceVersion "1"]
[SourceVersionDate "2023.10.10"]
[SourceQuality "1"]
[WhiteTeam "Blanco y Negro"]
[BlackTeam "Virgen de Atocha"]
[WhiteTeamCountry "ESP"]
[BlackTeamCountry "ESP"]

1. e4 c5 2. Nf3 d6 3. d4 cxd4 4. Nxd4 Nf6 5. Nc3 a6 6. Bg5 e6 7. f4 Nbd7 8. Qf3 Qc7 9. 0-0-0 b5 10. g4 Bb7 11. Bxf6 Nxf6 12. g5 Nd7 13. f5 Ne5 14. Qh5 exf5 15. Bg2 b4 16. Nd5 Bxd5 17. exd5 g6 18. Qe2 Bg7 19. h4 0-0 20. h5 Rfe8 21. hxg6 hxg6 22. Qd2 Nc4 23. Qf4 Qa5 24. Kb1 Ne3 25. Nc6 Qc5 26. Qf2 Nxd1 27. Qxc5 Nc3+ 28. bxc3 dxc5 29. d6 Rad8 30. Nxd8 Rxd8 31. cxb4 cxb4 32. Rd1 f6 33. gxf6 Bxf6 34. d7 1/2-1/2